=LDR 00000nam 2200000 4500 =001 INLIS000000000023334 =005 20130612122017 =008 ***********************************Ind** =035 ##$$0010-061300000023334 =041 ##$$a Ind =082 ##$$a 658.02 =090 ##$$a 658.02, Tay s =100 ##$$a Taylor III Bernard W =245 ##$$a Sains Manajemen, Bernard W. Taylor III =260 ##$$a 2001 $b Jakrta =300 ##$$a 288 hlm, 26 cm =650 ##$$a Manajemen =850 ##$$a NBPNMAT